[Event "Greek Team Championship"]
[Site "chess24.com"]
[Date "2017.07.08"]
[Round "7"]
[White "Zacharia, Aikaterini-Eirini"]
[Black "Kouta, Antonia"]
[Result "0-1"]
[Board "7"]
[WhiteElo "1230"]
[WhiteCountry "GRE"]
[WhiteFideId "25813072"]
[WhiteEloChange "-2"]
[BlackElo "1719"]
[BlackCountry "GRE"]
[BlackFideId "4277112"]
[BlackEloChange "2"]

1. e4 {[%clk 1:30:58]} c5 {[%clk 1:30:56]} 2. Nf3 {[%clk 1:31:24]} e6 {[%clk
1:31:23]} 3. d4 {[%clk 1:31:44]} cxd4 {[%clk 1:31:47]} 4. Nxd4 {[%clk 1:32:00]}
a6 {[%clk 1:32:00]} 5. Nc3 {[%clk 1:31:55]} Qc7 {[%clk 1:32:20]} 6. f4 {[%clk
1:14:56]} b5 {[%clk 1:28:24]} 7. Nb1 {[%clk 1:05:28]} Bb7 {[%clk 1:24:07]} 8. Bd3
{[%clk 1:01:59]} Nc6 {[%clk 1:22:53]} 9. Nxc6 {[%clk 0:58:30]} Qxc6 {[%clk
1:21:47]} 10. Be3 {[%clk 0:47:54]} d5 {[%clk 1:18:42]} 11. Nd2 {[%clk 0:44:40]}
Nf6 {[%clk 1:15:41]} 12. e5 {[%clk 0:32:18]} Nd7 {[%clk 1:07:56]} 13. Qf3 {[%clk
0:29:03]} Nc5 {[%clk 1:04:41]} 14. Bf2 {[%clk 0:18:10]} Rc8 {[%clk 1:01:39]} 15.
Rc1 {[%clk 0:16:32]} Ne4 {[%clk 0:58:50]} 16. Rf1 {[%clk 0:12:39]} Nxf2 {[%clk
0:55:36]} 17. Rxf2 {[%clk 0:11:53]} Bc5 {[%clk 0:55:13]} 18. Rf1 {[%clk 0:12:06]}
Bd4 {[%clk 0:49:12]} 19. b3 {[%clk 0:03:08]} Qc3 {[%clk 0:46:25]} 20. Ke2 {[%clk
0:02:09]} Qa5 {[%clk 0:42:11]} 21. a4 {[%clk 0:00:46]} bxa4 {[%clk 0:41:38]} 22.
bxa4 {[%clk 0:01:10]} Qxa4 {[%clk 0:41:39]} 23. Rb1 {[%clk 0:00:47]} Bc6 {[%clk
0:40:38]} 24. g3 {[%clk 0:00:36]} Bb5 {[%clk 0:39:06]} 25. Nb3 {[%clk 0:00:32]}
Rxc2+ {[%clk 0:38:28]} 26. Kd1 {[%clk 0:00:39]} Rc3 {[%clk 0:37:58]} 27. Bxb5+
{[%clk 0:00:32]} axb5 {[%clk 0:37:34]} 28. Qe2 {[%clk 0:00:31]} Rxb3 {[%clk
0:37:48]} 29. Rxb3 {[%clk 0:00:25]} Qxb3+ {[%clk 0:38:13]} 30. Kc1 {[%clk
0:00:33]} Be3+ {[%clk 0:38:31]} 0-1

[Event "Greek Team Championship"]
[Site "chess24.com"]
[Date "2017.07.08"]
[Round "7"]
[White "Kalodoukas, Odysseas"]
[Black "Alevizos, Athanasios"]
[Result "1/2-1/2"]
[Board "8"]
[WhiteElo "2069"]
[WhiteCountry "GRE"]
[WhiteFideId "4266110"]
[WhiteEloChange "-8"]
[BlackElo "1564"]
[BlackCountry "GRE"]
[BlackFideId "4272498"]
[BlackEloChange "8"]

1. d4 {[%clk 1:30:55]} Nf6 {[%clk 1:30:39]} 2. c4 {[%clk 1:31:12]} c5 {[%clk
1:30:36]} 3. Nf3 {[%clk 1:31:33]} d6 {[%clk 1:29:27]} 4. Nc3 {[%clk 1:31:47]}
cxd4 {[%clk 1:27:27]} 5. Nxd4 {[%clk 1:32:10]} e5 {[%clk 1:27:09]} 6. Nc2 {[%clk
1:27:16]} Na6 {[%clk 1:25:16]} 7. g3 {[%clk 1:25:12]} Rb8 {[%clk 1:24:47]} 8. Bg2
{[%clk 1:25:22]} Be7 {[%clk 1:24:42]} 9. O-O {[%clk 1:25:39]} O-O {[%clk
1:24:49]} 10. b3 {[%clk 1:24:16]} b6 {[%clk 1:14:56]} 11. Qd2 {[%clk 1:20:10]}
Nc7 {[%clk 1:12:37]} 12. Nb4 {[%clk 1:11:51]} Bb7 {[%clk 1:10:09]} 13. Bxb7
{[%clk 1:11:46]} Rxb7 {[%clk 1:10:24]} 14. Nc6 {[%clk 1:11:51]} Qd7 {[%clk
1:09:35]} 15. Nxe7+ {[%clk 1:12:04]} Qxe7 {[%clk 1:09:54]} 16. Ba3 {[%clk
1:12:08]} Rd8 {[%clk 1:08:24]} 17. Rfd1 {[%clk 1:11:44]} Nce8 {[%clk 1:05:51]}
18. Nd5 {[%clk 1:10:22]} Nxd5 {[%clk 0:53:37]} 19. Qxd5 {[%clk 1:10:42]} Rbd7
{[%clk 0:53:56]} 20. e4 {[%clk 1:09:41]} Nc7 {[%clk 0:47:26]} 21. Qd3 {[%clk
1:08:16]} Ne6 {[%clk 0:45:05]} 22. Qe3 {[%clk 1:07:50]} Qg5 {[%clk 0:37:31]} 23.
Bc1 {[%clk 0:52:19]} Qxe3 {[%clk 0:34:59]} 24. Bxe3 {[%clk 0:51:39]} Nc5 {[%clk
0:35:19]} 25. f3 {[%clk 0:51:29]} a5 {[%clk 0:34:25]} 26. Rd5 {[%clk 0:51:16]}
Kf8 {[%clk 0:31:53]} 27. Kf2 {[%clk 0:50:23]} Ke7 {[%clk 0:31:40]} 28. Ke2 {[%clk
0:50:38]} f6 {[%clk 0:30:55]} 29. h4 {[%clk 0:48:36]} h6 {[%clk 0:22:38]} 30. h5
{[%clk 0:47:55]} Rb8 {[%clk 0:20:08]} 31. Rad1 {[%clk 0:47:24]} Rbb7 {[%clk
0:19:56]} 32. R1d2 {[%clk 0:46:27]} Ke6 {[%clk 0:19:22]} 33. Kd1 {[%clk 0:46:17]}
Ke7 {[%clk 0:12:43]} 34. Kc2 {[%clk 0:45:39]} Rbc7 {[%clk 0:11:44]} 35. Kb2
{[%clk 0:45:15]} Rc6 {[%clk 0:11:08]} 36. Rd1 {[%clk 0:44:30]} Na6 {[%clk
0:10:22]} 37. R5d2 {[%clk 0:30:30]} Ke6 {[%clk 0:01:29]} 38. Rc1 {[%clk 0:23:00]}
Rdc7 {[%clk 0:01:16]} 39. Rcd1 {[%clk 0:15:22]} Rd7 {[%clk 0:01:40]} 40. Ka3
{[%clk 0:36:07]} Ke7 {[%clk 0:30:38]} 41. Ka4 {[%clk 0:34:19]} Nc7 {[%clk
0:23:15]} 42. Rd3 {[%clk 0:32:38]} Rd8 {[%clk 0:22:46]} 43. Rc1 {[%clk 0:22:53]}
Ra8 {[%clk 0:19:45]} 44. Rdc3 {[%clk 0:20:43]} Rb8 {[%clk 0:13:03]} 45. R3c2
{[%clk 0:20:18]} Kd7 {[%clk 0:11:03]} 46. Ka3 {[%clk 0:15:53]} Na6 {[%clk
0:09:56]} 47. Kb2 {[%clk 0:13:45]} Nc5 {[%clk 0:07:55]} 48. Rd1 {[%clk 0:11:28]}
Kc7 {[%clk 0:07:59]} 49. a3 {[%clk 0:10:42]} Na6 {[%clk 0:07:54]} 50. Rd5 {[%clk
0:10:15]} Kb7 {[%clk 0:07:35]} 51. Rb5 {[%clk 0:08:27]} Nc7 {[%clk 0:07:40]} 52.
Rd2 {[%clk 0:08:20]} Nxb5 {[%clk 0:02:56]} 53. cxb5 {[%clk 0:08:45]} Rcc8 {[%clk
0:03:18]} 54. Rxd6 {[%clk 0:09:02]} Rd8 {[%clk 0:03:21]} 55. Rxb6+ {[%clk
0:09:15]} Kc8 {[%clk 0:02:35]} 56. Rc6+ {[%clk 0:08:34]} Kd7 {[%clk 0:02:28]} 57.
a4 {[%clk 0:08:33]} Rdc8 {[%clk 0:02:09]} 58. Ra6 {[%clk 0:08:10]} Ra8 {[%clk
0:01:54]} 59. Rxa8 {[%clk 0:03:57]} Rxa8 {[%clk 0:02:22]} 60. b4 {[%clk 0:04:19]}
axb4 {[%clk 0:02:16]} 61. Kb3 {[%clk 0:04:43]} Rc8 {[%clk 0:02:13]} 62. Kxb4
{[%clk 0:05:05]} Rc2 {[%clk 0:02:30]} 63. a5 {[%clk 0:05:04]} Rb2+ {[%clk
0:01:43]} 64. Kc4 {[%clk 0:04:53]} Rc2+ {[%clk 0:00:40]} 65. Kb4 {[%clk 0:05:10]}
Rb2+ {[%clk 0:00:50]} 66. Kc4 {[%clk 0:05:20]} Rc2+ {[%clk 0:00:58]} 67. Kb4
{[%clk 0:04:54]} Rb2+ {[%clk 0:00:35]} 1/2-1/2

[Event "Greek Team Championship"]
[Site "chess24.com"]
[Date "2017.07.08"]
[Round "7"]
[White "Papadopoulos, Panteleimon"]
[Black "Spyropoulos, Nikolaos"]
[Result "0-1"]
[Board "9"]
[WhiteElo "1355"]
[WhiteCountry "GRE"]
[WhiteFideId "25831143"]
[WhiteEloChange "-2"]
[BlackElo "2229"]
[BlackCountry "GRE"]
[BlackFideId "4298977"]
[BlackEloChange "2"]

1. e4 {[%clk 1:30:19]} e6 {[%clk 1:30:54]} 2. d4 {[%clk 1:28:24]} d5 {[%clk
1:31:18]} 3. exd5 {[%clk 1:25:44]} exd5 {[%clk 1:31:23]} 4. Nf3 {[%clk 1:24:26]}
Bd6 {[%clk 1:30:59]} 5. Bd3 {[%clk 1:22:56]} Ne7 {[%clk 1:31:09]} 6. O-O {[%clk
1:20:57]} Nbc6 {[%clk 1:31:19]} 7. h3 {[%clk 1:16:13]} h6 {[%clk 1:29:36]} 8. Re1
{[%clk 1:13:17]} Be6 {[%clk 1:29:14]} 9. c3 {[%clk 1:09:08]} Qd7 {[%clk 1:28:06]}
10. Bb5 {[%clk 1:07:22]} a6 {[%clk 1:26:11]} 11. Ba4 {[%clk 1:02:56]} O-O-O
{[%clk 1:25:45]} 12. b4 {[%clk 0:56:21]} Rhe8 {[%clk 1:18:53]} 13. b5 {[%clk
0:54:50]} axb5 {[%clk 1:19:15]} 14. Bxb5 {[%clk 0:54:18]} Ng6 {[%clk 1:14:28]}
15. a4 {[%clk 0:48:23]} Bf5 {[%clk 0:52:05]} 16. Be3 {[%clk 0:45:45]} Bf4 {[%clk
0:50:48]} 17. Nbd2 {[%clk 0:42:57]} Qd6 {[%clk 0:49:00]} 18. a5 {[%clk 0:41:19]}
Bxe3 {[%clk 0:48:59]} 19. fxe3 {[%clk 0:40:37]} Kb8 {[%clk 0:48:14]} 20. Qb3
{[%clk 0:39:04]} Ka8 {[%clk 0:47:16]} 21. Qa4 {[%clk 0:38:21]} Bd7 {[%clk
0:46:15]} 22. c4 {[%clk 0:36:58]} Na7 {[%clk 0:42:28]} 23. Rab1 {[%clk 0:35:06]}
c6 {[%clk 0:41:39]} 24. a6 {[%clk 0:30:00]} b6 {[%clk 0:40:30]} 25. Qb3 {[%clk
0:26:10]} cxb5 {[%clk 0:40:44]} 26. cxd5 {[%clk 0:24:56]} f5 {[%clk 0:40:25]} 27.
Rbc1 {[%clk 0:23:21]} Bc8 {[%clk 0:39:11]} 28. Rc2 {[%clk 0:20:57]} Qxd5 {[%clk
0:38:36]} 29. Kf2 {[%clk 0:18:46]} Qxb3 {[%clk 0:38:56]} 30. Nxb3 {[%clk
0:18:59]} Be6 {[%clk 0:39:14]} 31. Nbd2 {[%clk 0:18:20]} Rc8 {[%clk 0:39:29]} 32.
Rb2 {[%clk 0:16:16]} Bd5 {[%clk 0:39:38]} 33. Nb1 {[%clk 0:15:01]} f4 {[%clk
0:37:28]} 34. e4 {[%clk 0:14:47]} Rxe4 {[%clk 0:37:23]} 0-1

[Event "Greek Team Championship"]
[Site "chess24.com"]
[Date "2017.07.08"]
[Round "7"]
[White "Simitzoglou, Panagiotis"]
[Black "Dimanoudis, Petros"]
[Result "0-1"]
[Board "10"]
[WhiteElo "1445"]
[WhiteCountry "GRE"]
[WhiteFideId "4299990"]
[WhiteEloChange "-17"]
[BlackElo "1153"]
[BlackCountry "GRE"]
[BlackFideId "25805215"]
[BlackEloChange "17"]

1. c4 {[%clk 1:30:57]} e5 {[%clk 1:30:53]} 2. Nc3 {[%clk 1:31:21]} Nc6 {[%clk
1:31:17]} 3. g3 {[%clk 1:31:18]} f5 {[%clk 1:31:39]} 4. d3 {[%clk 1:31:37]} Nf6
{[%clk 1:31:44]} 5. Bg2 {[%clk 1:31:52]} Bb4 {[%clk 1:32:05]} 6. a3 {[%clk
1:31:30]} Bxc3+ {[%clk 1:32:27]} 7. bxc3 {[%clk 1:31:55]} d6 {[%clk 1:30:14]} 8.
e3 {[%clk 1:23:53]} O-O {[%clk 1:28:13]} 9. Ne2 {[%clk 1:23:55]} Qe8 {[%clk
1:26:25]} 10. a4 {[%clk 1:20:30]} Qh5 {[%clk 1:24:11]} 11. Ba3 {[%clk 1:17:53]}
f4 {[%clk 1:20:54]} 12. gxf4 {[%clk 1:11:55]} Bh3 {[%clk 1:18:21]} 13. Bxh3
{[%clk 1:10:57]} Qxh3 {[%clk 1:18:43]} 14. Kd2 {[%clk 1:04:11]} Ng4 {[%clk
1:14:30]} 15. Qg1 {[%clk 1:02:58]} e4 {[%clk 1:12:21]} 16. d4 {[%clk 0:52:09]}
Na5 {[%clk 1:12:23]} 17. Kc2 {[%clk 0:52:13]} Nxc4 {[%clk 1:12:10]} 18. Ng3
{[%clk 0:50:27]} h5 {[%clk 1:08:03]} 19. Bc1 {[%clk 0:43:27]} d5 {[%clk 1:07:01]}
20. Qf1 {[%clk 0:40:21]} Qxf1 {[%clk 1:00:56]} 21. Rxf1 {[%clk 0:40:31]} h4
{[%clk 1:00:45]} 22. Ne2 {[%clk 0:38:32]} Nxh2 {[%clk 1:00:25]} 23. Rh1 {[%clk
0:38:54]} Ng4 {[%clk 1:00:08]} 24. Rxh4 {[%clk 0:38:39]} Nxf2 {[%clk 0:58:43]}
25. Bd2 {[%clk 0:38:34]} Kf7 {[%clk 0:57:57]} 26. Rf1 {[%clk 0:37:48]} Nd3 {[%clk
0:57:35]} 27. Bc1 {[%clk 0:36:18]} Nxc1 {[%clk 0:56:43]} 28. Rxc1 {[%clk
0:36:14]} Nxe3+ {[%clk 0:57:07]} 29. Kb3 {[%clk 0:35:54]} Nc4 {[%clk 0:57:09]}
30. Rg4 {[%clk 0:33:43]} a5 {[%clk 0:55:15]} 31. Rcg1 {[%clk 0:33:36]} Rg8 {[%clk
0:55:24]} 32. Rg6 {[%clk 0:33:02]} c6 {[%clk 0:50:23]} 33. f5 {[%clk 0:32:12]}
Ra6 {[%clk 0:49:43]} 34. Nf4 {[%clk 0:31:42]} Rb6+ {[%clk 0:49:45]} 35. Ka2
{[%clk 0:31:54]} Rb2+ {[%clk 0:46:25]} 36. Ka1 {[%clk 0:32:20]} Rf2 {[%clk
0:45:33]} 37. Nh5 {[%clk 0:30:09]} Rxf5 {[%clk 0:45:28]} 38. Rxg7+ {[%clk
0:29:44]} Rxg7 {[%clk 0:45:40]} 39. Rxg7+ {[%clk 1:00:06]} Kf8 {[%clk 1:15:28]}
40. Rh7 {[%clk 0:59:48]} Kg8 {[%clk 1:15:38]} 41. Rh6 {[%clk 0:59:50]} Kf7 {[%clk
1:14:08]} 42. Ng3 {[%clk 0:59:41]} Rf3 {[%clk 1:13:36]} 43. Rh3 {[%clk 0:59:07]}
e3 {[%clk 1:13:37]} 0-1

[Event "Greek Team Championship"]
[Site "chess24.com"]
[Date "2017.07.08"]
[Round "7"]
[White "Kanakaris, Georgios"]
[Black "Grigorov, Grigor"]
[Result "1/2-1/2"]
[Board "1"]
[WhiteElo "2359"]
[WhiteCountry "GRE"]
[WhiteFideId "4209460"]
[WhiteEloChange "4"]
[BlackElo "2503"]
[BlackTitle "GM"]
[BlackCountry "BUL"]
[BlackFideId "2907313"]
[BlackEloChange "-2"]

1. d4 {[%clk 1:30:56]} Nf6 {[%clk 1:30:54]} 2. c4 {[%clk 1:31:19]} g6 {[%clk
1:31:19]} 3. Nc3 {[%clk 1:30:47]} d5 {[%clk 1:31:43]} 4. Nf3 {[%clk 1:25:34]} Bg7
{[%clk 1:32:06]} 5. Bf4 {[%clk 1:25:58]} O-O {[%clk 1:32:02]} 6. e3 {[%clk
1:25:03]} c5 {[%clk 1:32:04]} 7. dxc5 {[%clk 1:22:38]} Qa5 {[%clk 1:30:56]} 8.
Nd2 {[%clk 1:15:25]} dxc4 {[%clk 1:24:30]} 9. Bxc4 {[%clk 1:03:53]} Qxc5 {[%clk
1:23:04]} 10. Qe2 {[%clk 1:01:18]} Nh5 {[%clk 1:20:01]} 11. Bxb8 {[%clk 0:55:45]}
Rxb8 {[%clk 1:17:46]} 12. O-O {[%clk 0:55:15]} Nf6 {[%clk 1:16:27]} 13. Nb3
{[%clk 0:52:45]} Qe5 {[%clk 1:14:38]} 14. h3 {[%clk 0:45:47]} Bd7 {[%clk
1:11:16]} 15. f4 {[%clk 0:33:36]} Qc7 {[%clk 1:07:12]} 16. Rac1 {[%clk 0:32:23]}
Qb6 {[%clk 1:04:42]} 17. Nd4 {[%clk 0:31:18]} Nh5 {[%clk 0:55:03]} 18. Nd5 {[%clk
0:30:52]} Qd6 {[%clk 0:48:17]} 19. Rfd1 {[%clk 0:31:05]} Rbd8 {[%clk 0:34:08]}
20. Nf3 {[%clk 0:17:42]} Ng3 {[%clk 0:19:00]} 21. Qe1 {[%clk 0:16:50]} Ne4 {[%clk
0:19:10]} 22. Qh4 {[%clk 0:16:36]} Bf6 {[%clk 0:18:03]} 23. Qh6 {[%clk 0:10:51]}
Bg7 {[%clk 0:17:46]} 24. Qh4 {[%clk 0:11:16]} Bf6 {[%clk 0:18:11]} 25. Qh6 {[%clk
0:11:41]} Bg7 {[%clk 0:18:37]} 26. Qh4 {[%clk 0:12:01]} Bf6 {[%clk 0:19:04]}
1/2-1/2

[Event "Greek Team Championship"]
[Site "chess24.com"]
[Date "2017.07.08"]
[Round "7"]
[White "Stojanovski, Dejan"]
[Black "Vafiadis, Kleanthis"]
[Result "1-0"]
[Board "2"]
[WhiteElo "2451"]
[WhiteTitle "IM"]
[WhiteCountry "MKD"]
[WhiteFideId "15000796"]
[WhiteEloChange "2"]
[BlackElo "2235"]
[BlackCountry "GRE"]
[BlackFideId "4201850"]
[BlackEloChange "-4"]

1. e4 {[%clk 1:30:57]} e5 {[%clk 1:30:44]} 2. Nf3 {[%clk 1:31:22]} Nf6 {[%clk
1:31:03]} 3. Nxe5 {[%clk 1:31:34]} d6 {[%clk 1:31:23]} 4. Nf3 {[%clk 1:31:50]}
Nxe4 {[%clk 1:31:41]} 5. Nc3 {[%clk 1:31:54]} Nf6 {[%clk 1:31:32]} 6. d4 {[%clk
1:31:27]} d5 {[%clk 1:31:43]} 7. h3 {[%clk 1:30:31]} Bd6 {[%clk 1:29:01]} 8. Bd3
{[%clk 1:29:46]} O-O {[%clk 1:27:48]} 9. O-O {[%clk 1:29:43]} h6 {[%clk 1:27:59]}
10. Re1 {[%clk 1:24:38]} Re8 {[%clk 1:24:23]} 11. Ne5 {[%clk 1:19:18]} Nc6 {[%clk
1:19:10]} 12. Nxc6 {[%clk 1:10:27]} Rxe1+ {[%clk 1:17:17]} 13. Qxe1 {[%clk
1:10:53]} bxc6 {[%clk 1:17:39]} 14. Na4 {[%clk 1:06:51]} Qe7 {[%clk 0:57:07]} 15.
Qxe7 {[%clk 1:01:08]} Bxe7 {[%clk 0:57:31]} 16. Bf4 {[%clk 0:59:45]} Bd6 {[%clk
0:57:18]} 17. Bh2 {[%clk 0:59:20]} Kf8 {[%clk 0:46:00]} 18. Re1 {[%clk 0:58:38]}
Rb8 {[%clk 0:45:58]} 19. b3 {[%clk 0:56:24]} Nh5 {[%clk 0:40:30]} 20. Nc5 {[%clk
0:49:48]} Nf4 {[%clk 0:36:47]} 21. Ba6 {[%clk 0:30:51]} Bxc5 {[%clk 0:18:51]} 22.
dxc5 {[%clk 0:31:17]} Bxa6 {[%clk 0:17:53]} 23. Bxf4 {[%clk 0:31:43]} Re8 {[%clk
0:18:11]} 24. Rxe8+ {[%clk 0:31:29]} Kxe8 {[%clk 0:18:36]} 25. Bxc7 {[%clk
0:31:55]} Be2 {[%clk 0:18:31]} 26. f3 {[%clk 0:30:09]} Bd1 {[%clk 0:18:44]} 27.
c3 {[%clk 0:30:32]} Bc2 {[%clk 0:18:53]} 28. Kf2 {[%clk 0:29:50]} Bb1 {[%clk
0:19:13]} 29. a3 {[%clk 0:30:09]} Kd7 {[%clk 0:18:42]} 30. Be5 {[%clk 0:30:02]}
f6 {[%clk 0:18:35]} 31. Bd6 {[%clk 0:30:04]} Ke6 {[%clk 0:18:56]} 32. g4 {[%clk
0:29:18]} f5 {[%clk 0:14:42]} 33. Ke3 {[%clk 0:26:59]} Ba2 {[%clk 0:14:42]} 34.
b4 {[%clk 0:26:47]} Bb1 {[%clk 0:07:16]} 35. h4 {[%clk 0:21:17]} fxg4 {[%clk
0:07:17]} 36. fxg4 {[%clk 0:21:44]} Bc2 {[%clk 0:06:44]} 37. Bf8 {[%clk 0:18:16]}
Kf7 {[%clk 0:07:03]} 38. b5 {[%clk 0:16:00]} cxb5 {[%clk 0:04:20]} 39. c6 {[%clk
0:16:23]} Bd1 {[%clk 0:01:54]} 40. Kf4 {[%clk 0:44:46]} h5 {[%clk 0:32:01]} 41.
gxh5 {[%clk 0:44:08]} Ke6 {[%clk 0:26:16]} 42. Kg5 {[%clk 0:43:54]} 1-0

[Event "Greek Team Championship"]
[Site "chess24.com"]
[Date "2017.07.08"]
[Round "7"]
[White "Papadopoulos, Panayotis"]
[Black "Iskos, Alexandros"]
[Result "1/2-1/2"]
[Board "3"]
[WhiteElo "2172"]
[WhiteCountry "GRE"]
[WhiteFideId "4222636"]
[BlackElo "2169"]
[BlackCountry "GRE"]
[BlackFideId "4208676"]

1. d4 {[%clk 1:30:55]} d5 {[%clk 1:30:27]} 2. Nf3 {[%clk 1:30:38]} Nf6 {[%clk
1:30:46]} 3. Bf4 {[%clk 1:30:45]} e6 {[%clk 1:25:51]} 4. e3 {[%clk 1:30:55]} c5
{[%clk 1:25:59]} 5. c3 {[%clk 1:31:19]} Nc6 {[%clk 1:26:04]} 6. Nbd2 {[%clk
1:31:42]} Be7 {[%clk 1:24:17]} 7. Bd3 {[%clk 1:27:58]} Nh5 {[%clk 1:21:30]} 8.
Be5 {[%clk 1:27:08]} f6 {[%clk 1:20:13]} 9. Bg3 {[%clk 1:20:39]} Nxg3 {[%clk
1:16:08]} 10. hxg3 {[%clk 1:20:50]} f5 {[%clk 1:16:19]} 11. g4 {[%clk 1:17:16]}
g6 {[%clk 0:53:21]} 12. gxf5 {[%clk 1:17:18]} exf5 {[%clk 0:52:47]} 13. dxc5
{[%clk 1:13:42]} Bxc5 {[%clk 0:51:58]} 14. Nb3 {[%clk 1:10:51]} Bb6 {[%clk
0:48:35]} 15. Bc2 {[%clk 1:02:23]} O-O {[%clk 0:46:29]} 16. g3 {[%clk 0:56:30]}
f4 {[%clk 0:39:47]} 17. gxf4 {[%clk 0:47:16]} Bg4 {[%clk 0:40:05]} 18. Bd3 {[%clk
0:46:17]} Qe7 {[%clk 0:31:27]} 19. Be2 {[%clk 0:40:34]} Bxf3 {[%clk 0:21:59]} 20.
Bxf3 {[%clk 0:40:56]} Rxf4 {[%clk 0:22:25]} 21. Bxd5+ {[%clk 0:27:44]} Kh8 {[%clk
0:22:26]} 22. Qe2 {[%clk 0:25:19]} Rf5 {[%clk 0:20:49]} 23. Bxc6 {[%clk 0:23:02]}
bxc6 {[%clk 0:21:15]} 24. Nd4 {[%clk 0:23:23]} Bxd4 {[%clk 0:18:49]} 25. cxd4
{[%clk 0:22:12]} Qb4+ {[%clk 0:19:04]} 26. Kf1 {[%clk 0:21:58]} Raf8 {[%clk
0:19:11]} 27. Rh2 {[%clk 0:20:09]} c5 {[%clk 0:11:18]} 28. Rd1 {[%clk 0:18:12]}
Qb8 {[%clk 0:10:07]} 29. Rg2 {[%clk 0:17:22]} cxd4 {[%clk 0:10:11]} 30. Rxd4
{[%clk 0:17:39]} Rc8 {[%clk 0:10:09]} 31. b3 {[%clk 0:12:10]} Rc1+ {[%clk
0:07:33]} 32. Rd1 {[%clk 0:12:25]} Qc7 {[%clk 0:07:07]} 33. Qb2+ {[%clk 0:10:50]}
Rc3 {[%clk 0:06:24]} 34. Rc1 {[%clk 0:09:04]} Rc5 {[%clk 0:06:51]} 35. Rg5 {[%clk
0:08:49]} Kg8 {[%clk 0:06:15]} 36. Rxc5 {[%clk 0:06:48]} Rxc5 {[%clk 0:06:44]}
37. Rd1 {[%clk 0:05:33]} Rc2 {[%clk 0:05:09]} 38. Qf6 {[%clk 0:05:13]} Rc1 {[%clk
0:05:32]} 39. Rxc1 {[%clk 0:04:58]} Qxc1+ {[%clk 0:06:00]} 40. Kg2 {[%clk
0:35:20]} Qa3 {[%clk 0:35:25]} 41. e4 {[%clk 0:27:10]} Qxa2 {[%clk 0:33:52]} 42.
Qe6+ {[%clk 0:20:31]} Kg7 {[%clk 0:32:33]} 43. e5 {[%clk 0:20:25]} Qe2 {[%clk
0:24:11]} 44. Qd7+ {[%clk 0:17:57]} Kh6 {[%clk 0:14:42]} 45. e6 {[%clk 0:17:39]}
Qg4+ {[%clk 0:12:13]} 46. Kf1 {[%clk 0:17:51]} Qh3+ {[%clk 0:10:37]} 47. Ke1
{[%clk 0:17:54]} Qc3+ {[%clk 0:10:37]} 48. Kf1 {[%clk 0:16:17]} Qh3+ {[%clk
0:04:40]} 49. Ke2 {[%clk 0:16:33]} Qg4+ {[%clk 0:04:39]} 50. Kd2 {[%clk 0:16:33]}
g5 {[%clk 0:03:42]} 51. Qd6 {[%clk 0:15:10]} Kg6 {[%clk 0:02:10]} 1/2-1/2

[Event "Greek Team Championship"]
[Site "chess24.com"]
[Date "2017.07.08"]
[Round "7"]
[White "Galani, Anna"]
[Black "Tsironis, Alexandros"]
[Result "0-1"]
[Board "4"]
[WhiteElo "1480"]
[WhiteCountry "GRE"]
[WhiteFideId "4278429"]
[WhiteEloChange "-2"]
[BlackElo "2006"]
[BlackCountry "GRE"]
[BlackFideId "4262980"]
[BlackEloChange "2"]

1. e4 {[%clk 1:30:56]} g6 {[%clk 1:26:35]} 2. Nf3 {[%clk 1:30:32]} Bg7 {[%clk
1:26:56]} 3. d4 {[%clk 1:30:48]} d6 {[%clk 1:26:46]} 4. Be3 {[%clk 1:29:42]} a6
{[%clk 1:21:25]} 5. Be2 {[%clk 1:27:11]} Nd7 {[%clk 1:21:26]} 6. c3 {[%clk
1:23:10]} Ngf6 {[%clk 1:18:27]} 7. Nfd2 {[%clk 1:21:30]} O-O {[%clk 1:15:15]} 8.
O-O {[%clk 1:21:45]} e5 {[%clk 1:11:33]} 9. f4 {[%clk 1:15:38]} Qe7 {[%clk
1:05:22]} 10. dxe5 {[%clk 0:58:11]} dxe5 {[%clk 1:05:24]} 11. f5 {[%clk 0:57:10]}
Nc5 {[%clk 1:00:55]} 12. Qc2 {[%clk 0:56:26]} Bd7 {[%clk 1:00:33]} 13. Kh1 {[%clk
0:50:33]} Bc6 {[%clk 0:55:00]} 14. Bf3 {[%clk 0:49:59]} Rad8 {[%clk 0:53:17]} 15.
Bxc5 {[%clk 0:40:35]} Qxc5 {[%clk 0:53:32]} 16. Nb3 {[%clk 0:40:45]} Qe3 {[%clk
0:37:16]} 17. N1d2 {[%clk 0:40:16]} b5 {[%clk 0:32:44]} 18. fxg6 {[%clk 0:29:52]}
hxg6 {[%clk 0:31:29]} 19. a4 {[%clk 0:30:12]} bxa4 {[%clk 0:29:07]} 20. Na5
{[%clk 0:23:08]} Rxd2 {[%clk 0:29:05]} 21. Qc1 {[%clk 0:23:23]} Bb5 {[%clk
0:23:03]} 22. Re1 {[%clk 0:15:36]} Qf4 {[%clk 0:18:02]} 23. c4 {[%clk 0:13:26]}
Bd7 {[%clk 0:17:52]} 24. Ra3 {[%clk 0:13:16]} Rd8 {[%clk 0:13:19]} 25. Rae3
{[%clk 0:10:55]} Ng4 {[%clk 0:13:03]} 26. Bxg4 {[%clk 0:08:56]} Bxg4 {[%clk
0:13:28]} 27. Nc6 {[%clk 0:08:58]} Qf2 {[%clk 0:11:50]} 28. Rg1 {[%clk 0:08:15]}
Qxe3 {[%clk 0:10:06]} 29. Nxd8 {[%clk 0:08:38]} Qxg1+ {[%clk 0:10:20]} 30. Kxg1
{[%clk 0:08:43]} Rd1+ {[%clk 0:10:46]} 31. Qxd1 {[%clk 0:09:01]} Bxd1 {[%clk
0:11:12]} 32. Kf2 {[%clk 0:09:13]} Bb3 {[%clk 0:11:07]} 33. c5 {[%clk 0:09:17]}
Bf8 {[%clk 0:11:10]} 34. Nb7 {[%clk 0:09:27]} Bh6 {[%clk 0:11:37]} 35. Na5 {[%clk
0:09:38]} Bc1 {[%clk 0:11:57]} 0-1